[Event "4NCL/Div1a/SWD1 vs. WRO1"]
[Site "Sunningdale ENG"]
[Date "2009.01.18"]
[Round "6.5"]
[White "O'Neill, Paul"]
[Black "Barrett, Steve J"]
[Result "1/2-1/2"]
[WhiteElo "2204"]
[BlackElo "2234"]
[PlyCount "42"]
[EventDate "2009.01.18"]
[SourceDate "2008.10.04"]

1. d4 Nf6 2. Nf3 g6 3. c4 Bg7 4. Nc3 O-O 5. g3 d6 6. Bg2 c6 7. O-O Qa5 8. Qc2
Be6 9. b3 d5 10. cxd5 cxd5 11. Bd2 Rc8 12. Qb2 Qd8 13. Rac1 Nc6 14. Rfd1 Ne4
15. Be3 h6 16. Qa3 Nxc3 17. Rxc3 Kh7 18. Rcc1 a6 19. Qb2 Qh8 20. Qd2 Rd8 21. h3
Rac8 1/2-1/2

[Event "4NCL/Div1a/SWD1 vs. WRO1"]
[Site "Sunningdale ENG"]
[Date "2009.01.18"]
[Round "6.6"]
[White "Gayson, Peter M"]
[Black "Smith, Jeffrey R"]
[Result "1/2-1/2"]
[WhiteElo "2258"]
[BlackElo "2209"]
[PlyCount "35"]
[EventDate "2009.01.18"]
[SourceDate "2008.10.04"]

1. e4 e6 2. d4 d5 3. Nd2 Nf6 4. e5 Nfd7 5. Bd3 c5 6. c3 Nc6 7. Ne2 Qb6 8. Nf3
cxd4 9. cxd4 f6 10. Nc3 fxe5 11. dxe5 g6 12. O-O Bg7 13. Be3 Qa5 14. Nb5 O-O
15. Bd2 Qb6 16. Be3 Qa5 17. Bd2 Qb6 18. Be3 1/2-1/2

[Event "4NCL/Div1a/SWD1 vs. WRO1"]
[Site "Sunningdale ENG"]
[Date "2009.01.18"]
[Round "6.7"]
[White "Rayner, Francis"]
[Black "Adams, David M"]
[Result "1/2-1/2"]
[WhiteElo "2151"]
[BlackElo "2191"]
[PlyCount "98"]
[EventDate "2009.01.18"]
[SourceDate "2008.10.04"]

1. c4 c5 2. Nf3 Nc6 3. d4 cxd4 4. Nxd4 Qb6 5. Nb3 Nf6 6. Nc3 d6 7. e4 Ng4 8.
Qe2 Qd8 9. f3 Nge5 10. Be3 g6 11. Qd2 Bg7 12. Be2 Na5 13. Nxa5 Qxa5 14. Rc1 Be6
15. b3 O-O 16. O-O f5 17. exf5 Bxf5 18. Rfd1 Nc6 19. Qd5+ Qxd5 20. Rxd5 a6 21.
Rd2 Be6 22. Nd5 Rac8 23. Nb6 Rcd8 24. Bd3 Nd4 25. Rcd1 Bf5 26. Nd5 Rf7 27. Bg5
Re8 28. Bxf5 Nxf5 29. Re2 h6 30. Bc1 Nd4 31. Re4 Nc6 32. Ba3 Rd8 33. Nf4 g5 34.
Ne6 Rc8 35. Nxg7 Kxg7 36. Bb2+ Kh7 37. Re6 Rg8 38. Re4 Rf4 39. Rde1 Rxe4 40.
Rxe4 e5 41. h4 Kg6 42. hxg5 hxg5 43. Kf2 Kf5 44. Re1 Rh8 45. Rd1 Rh6 46. g4+
Ke6 47. Kg3 Rh7 48. Bc1 Rg7 49. Be3 b5 1/2-1/2

[Event "4NCL/Div1a/SWD1 vs. WRO1"]
[Site "Sunningdale ENG"]
[Date "2009.01.18"]
[Round "6.8"]
[White "Hollingworth, Evie"]
[Black "Blackburn, Suzie"]
[Result "1/2-1/2"]
[WhiteElo "1790"]
[BlackElo "1891"]
[PlyCount "74"]
[EventDate "2009.01.18"]
[SourceDate "2008.10.04"]

1. e4 e6 2. d4 d5 3. exd5 exd5 4. c4 c6 5. Nf3 Nf6 6. c5 Bg4 7. Be2 Nbd7 8. Be3
Be7 9. Nbd2 O-O 10. Qc2 Re8 11. O-O Bf8 12. Bd3 Bh5 13. Rfe1 Bg6 14. Bf4 Nh5
15. Rxe8 Qxe8 16. Re1 Qd8 17. Bg5 Qc7 18. Bxg6 hxg6 19. Bh4 Rc8 20. b4 Qb8 21.
g4 Nhf6 22. Bg3 Qa8 23. h3 Re8 24. Ne5 Qd8 25. f4 Nh7 26. Ndf3 Ndf6 27. Nd2 Nd7
28. f5 gxf5 29. Qxf5 Nxe5 30. Rxe5 Rxe5 31. Qxe5 Qg5 32. Bf4 Qxe5 33. Bxe5 Ng5
34. Kg2 Be7 35. Kg3 Kh7 36. h4 Ne6 37. Nf3 Kg6 1/2-1/2

[Event "4NCL/Div1b/GUI1 vs. BET"]
[Site "Sunningdale ENG"]
[Date "2009.01.18"]
[Round "6.1"]
[White "Rowson, Jonathan"]
[Black "Ansell, Simon"]
[Result "1-0"]
[WhiteElo "2585"]
[BlackElo "2405"]
[PlyCount "95"]
[EventDate "2009.01.18"]
[SourceDate "2008.10.04"]

1. c4 Nf6 2. Nc3 e5 3. Nf3 Nc6 4. a3 d5 5. cxd5 Nxd5 6. d3 Bg4 7. e3 Qd7 8. h3
Be6 9. Bd2 f6 10. Qc2 O-O-O 11. Na4 Nb6 12. Nc5 Bxc5 13. Qxc5 Qf7 14. e4 Na4
15. Qc1 Bb3 16. Be3 Rd6 17. Be2 g5 18. O-O h5 19. Nd2 Nd4 20. Bxd4 Rxd4 21. Re1
Rhd8 22. Nf1 b6 23. Ng3 Nc5 24. Bxh5 Qf8 25. Be2 Be6 26. Rb1 Qd6 27. b4 Nxd3
28. Bxd3 Rxd3 29. Re3 Rd1+ 30. Qxd1 Qxd1+ 31. Rxd1 Rxd1+ 32. Kh2 Kd7 33. Nh5
Ke7 34. Rc3 Kd6 35. Nxf6 c5 36. Kg3 Rb1 37. bxc5+ bxc5 38. Rd3+ Ke7 39. Nd5+
Kf7 40. Rf3+ Kg7 41. Rc3 c4 42. Rxc4 Rb3+ 43. f3 Rxa3 44. Rc5 a5 45. Nc7 Bd7
46. Rd5 Bc8 47. Rd8 Bb7 48. Nb5 1-0

[Event "4NCL/Div1b/GUI1 vs. BET"]
[Site "Sunningdale ENG"]
[Date "2009.01.18"]
[Round "6.2"]
[White "Ledger, Andrew J"]
[Black "King, Daniel J"]
[Result "1/2-1/2"]
[WhiteElo "2431"]
[BlackElo "2512"]
[PlyCount "24"]
[EventDate "2009.01.18"]
[SourceDate "2008.10.04"]

1. d4 e6 2. e4 d5 3. Nd2 c5 4. exd5 exd5 5. Bb5+ Bd7 6. Bxd7+ Nxd7 7. Ne2 Ngf6
8. O-O Qc7 9. Nf3 Bd6 10. Nc3 O-O 11. Nb5 Qc6 12. Nxd6 Qxd6 1/2-1/2

[Event "4NCL/Div1b/GUI1 vs. BET"]
[Site "Sunningdale ENG"]
[Date "2009.01.18"]
[Round "6.3"]
[White "Hebden, Mark L"]
[Black "Hunt, Adam C"]
[Result "1/2-1/2"]
[WhiteElo "2522"]
[BlackElo "2431"]
[PlyCount "109"]
[EventDate "2009.01.18"]
[SourceDate "2008.10.04"]

1. d4 Nf6 2. Nf3 g6 3. Nc3 d5 4. Bf4 Bg7 5. Qd2 O-O 6. Bh6 Ne4 7. Nxe4 dxe4 8.
Bxg7 Kxg7 9. Ng5 Qd5 10. c4 Qxc4 11. Nxe4 Qe6 12. Nc5 Qd6 13. e3 b6 14. Ne4 Qe6
15. Nc3 Bb7 16. Rc1 a6 17. d5 Qd6 18. Bc4 Nd7 19. O-O b5 20. Bb3 Nf6 21. Rfd1
c5 22. e4 c4 23. Bc2 e5 24. Rf1 Ne8 25. f4 f6 26. Kh1 Qe7 27. Ne2 Nd6 28. fxe5
fxe5 29. Ng1 Rxf1 30. Rxf1 Bc8 31. Qf2 Bd7 32. Nf3 a5 33. Qg3 Re8 34. h4 h6 35.
h5 g5 36. Nh4 g4 37. Nf5+ Bxf5 38. exf5 Qg5 39. f6+ Kf8 40. Bg6 Rd8 41. f7 Rd7
42. Kg1 b4 43. Qf2 g3 44. Qf6 Qxf6 45. Rxf6 Nxf7 46. Rf3 Kg7 47. Bxf7 Rxf7 48.
Rxg3+ Kh7 49. Re3 Rd7 50. Rxe5 c3 51. bxc3 bxc3 52. Re3 Rxd5 53. Rxc3 Rxh5 54.
Kf2 Rb5 55. Kf3 1/2-1/2

[Event "4NCL/Div1b/GUI1 vs. BET"]
[Site "Sunningdale ENG"]
[Date "2009.01.18"]
[Round "6.4"]
[White "Eames, Robert G"]
[Black "Flear, Glenn C"]
[Result "0-1"]
[WhiteElo "2335"]
[BlackElo "2478"]
[PlyCount "104"]
[EventDate "2009.01.18"]
[SourceDate "2008.10.04"]

1. e4 e5 2. f4 Bc5 3. Nf3 d6 4. Nc3 Nf6 5. Bc4 Nc6 6. d3 O-O 7. f5 Na5 8. Bg5
c6 9. a3 Nxc4 10. dxc4 a6 11. Qd3 b5 12. O-O-O bxc4 13. Qxc4 Qa5 14. Bxf6 gxf6
15. Rd3 d5 16. exd5 Bxf5 17. Ne4 Bxe4 18. Qxe4 cxd5 19. Qg4+ Kh8 20. Qh4 Qb6
21. Nd2 Rg8 22. Rf1 Rxg2 23. Rg3 Rg8 24. Nb3 R2xg3 25. hxg3 Bf2 26. Qh5 Rg6 27.
g4 Be3+ 28. Kb1 Qe6 29. Qh3 d4 30. Rf5 Qd5 31. Qf1 d3 32. Qxd3 Qxd3 33. cxd3
Kg7 34. Rf3 Bb6 35. Nd2 Rxg4 36. Nc4 Bd4 37. Nd6 Kg6 38. Nf5 Kg5 39. Nd6 Rg1+
40. Kc2 Rg2+ 41. Kb3 h5 42. Ne4+ Kg4 43. Rxf6 Rxb2+ 44. Kc4 h4 45. Rxf7 h3 46.
Rg7+ Kf4 47. Rh7 h2 48. Rf7+ Ke3 49. Rh7 Kf3 50. Rf7+ Kg2 51. Rg7+ Kh1 52. Ng3+
Kg1 0-1

[Event "4NCL/Div1b/GUI1 vs. BET"]
[Site "Sunningdale ENG"]
[Date "2009.01.18"]
[Round "6.5"]
[White "Shaw, John K"]
[Black "Duncan, Christopher R"]
[Result "1-0"]
[WhiteElo "2464"]
[BlackElo "2323"]
[PlyCount "155"]
[EventDate "2009.01.18"]
[SourceDate "2008.10.04"]

1. e4 c5 2. Nc3 Nc6 3. Bb5 Nd4 4. Bc4 g6 5. Nf3 Bg7 6. O-O d6 7. Nxd4 cxd4 8.
Ne2 Nf6 9. d3 Nd7 10. f4 O-O 11. Qe1 e6 12. Qf2 Qb6 13. h3 Qc5 14. Bd2 Nf6 15.
b4 Qb6 16. a4 d5 17. exd5 Nxd5 18. Bxd5 exd5 19. a5 Qf6 20. Bc1 Re8 21. Bb2 Qd6
22. Nxd4 Qxb4 23. Rfb1 Bd7 24. Nc6 Qd6 25. Bxg7 Kxg7 26. Qd4+ f6 27. Nb4 Re2
28. c4 Rae8 29. Nxd5 Bc6 30. Rb2 Rxb2 31. Qxb2 Qc5+ 32. Qf2 Qxf2+ 33. Kxf2 Bxd5
34. cxd5 Rd8 35. Rb1 b6 36. axb6 axb6 37. Rxb6 Rxd5 38. Rb7+ Kg8 39. Ke3 f5 40.
h4 h6 41. g3 Kf8 42. Ra7 Rd6 43. Kd2 Rb6 44. Kc3 Rb1 45. h5 gxh5 46. Ra5 Rg1
47. Rxf5+ Kg7 48. Rxh5 Rxg3 49. Kd4 Kg6 50. Rh1 Rg2 51. Ke4 Re2+ 52. Kf3 Ra2
53. d4 Kf5 54. Rh5+ Kg6 55. Rb5 Ra1 56. Rb8 Ra2 57. Ke4 Re2+ 58. Kd5 Ra2 59.
Rb6+ Kf5 60. Rxh6 Ra5+ 61. Kc4 Kxf4 62. d5 Ke5 63. Re6+ Kf5 64. Re1 Kf6 65. d6
Ra2 66. Kc5 Kf7 67. d7 Rd2 68. Kc6 Rc2+ 69. Kb7 Rd2 70. Kc7 Rc2+ 71. Kd8 Kf8
72. Rf1+ Kg7 73. Rf4 Rc1 74. Ke7 Re1+ 75. Kd6 Rd1+ 76. Ke6 Rd2 77. Rf5 Rd1 78.
Rd5 1-0

[Event "4NCL/Div1b/GUI1 vs. BET"]
[Site "Sunningdale ENG"]
[Date "2009.01.18"]
[Round "6.6"]
[White "Ledger, David J"]
[Black "Tissir, Mohamed"]
[Result "0-1"]
[WhiteElo "2265"]
[BlackElo "2466"]
[PlyCount "60"]
[EventDate "2009.01.18"]
[SourceDate "2008.10.04"]

1. e4 c5 2. b3 Nf6 3. e5 Nd5 4. Bb2 a6 5. Nf3 Nc6 6. Nc3 Nxc3 7. Bxc3 e6 8. Bd3
Be7 9. Qe2 b6 10. Qe4 Bb7 11. Qg4 g6 12. h4 Qc7 13. O-O-O O-O-O 14. h5 g5 15.
h6 Nb4 16. Bxb4 cxb4 17. Rde1 Qc5 18. Qc4 Rdg8 19. Qxc5+ Bxc5 20. Re2 g4 21.
Ne1 Rg5 22. Rh4 Be7 23. g3 Kc7 24. Rh2 a5 25. Ng2 Bc5 26. Nf4 Bd4 27. Rh5 Rxh5
28. Nxh5 Bf3 29. Re3 Bxe3 30. fxe3 d6 0-1

[Event "4NCL/Div1b/GUI1 vs. BET"]
[Site "Sunningdale ENG"]
[Date "2009.01.18"]
[Round "6.7"]
[White "Pert, Richard G"]
[Black "Ledger, Stephen C"]
[Result "1-0"]
[WhiteElo "2456"]
[BlackElo "2150"]
[PlyCount "57"]
[EventDate "2009.01.18"]
[SourceDate "2008.10.04"]

1. e4 c5 2. Nc3 Nc6 3. Bb5 Nd4 4. Bc4 e6 5. Nge2 Nf6 6. O-O Nxe2+ 7. Qxe2 d6 8.
f4 Be7 9. d3 O-O 10. Bb3 b6 11. Kh1 Bb7 12. f5 d5 13. Bg5 exf5 14. Rxf5 dxe4
15. dxe4 Nd7 16. Qg4 Bxg5 17. Rxg5 Qf6 18. Qxd7 Qxg5 19. Qxb7 Rad8 20. Rf1 Kh8
21. Bd5 f5 22. e5 Rfe8 23. e6 Re7 24. Qc6 h5 25. h3 h4 26. Qa4 Rf8 27. Rf4 Qg3
28. Rxh4+ Kg8 29. Qf4 1-0

[Event "4NCL/Div1b/GUI1 vs. BET"]
[Site "Sunningdale ENG"]
[Date "2009.01.18"]
[Round "6.8"]
[White "Yurenok, Maria S"]
[Black "Lalic, Susan"]
[Result "0-1"]
[WhiteElo "2035"]
[BlackElo "2340"]
[PlyCount "102"]
[EventDate "2009.01.18"]
[SourceDate "2008.10.04"]

1. d4 e6 2. Nf3 Nf6 3. e3 c5 4. Be2 b6 5. O-O Bb7 6. b3 Be7 7. Bb2 O-O 8. Nbd2
d6 9. c4 Nbd7 10. Rc1 Re8 11. Qc2 cxd4 12. Nxd4 e5 13. Nf5 Bf8 14. e4 Nc5 15.
f3 g6 16. Ne3 Ne6 17. Rfe1 Nd4 18. Qd1 Nh5 19. Ndf1 Bg7 20. Nd5 Bxd5 21. cxd5
Bh6 22. Rb1 Qf6 23. Bxd4 exd4 24. Bb5 Re7 25. Qc2 Nf4 26. Rbd1 a6 27. Bc6 Rc8
28. Qf2 Bg7 29. Kh1 Ne6 30. dxe6 Rxc6 31. exf7+ Qxf7 32. Qd2 Be5 33. Ng3 Rec7
34. Qd3 Qf4 35. Qxa6 Qh4 36. Nf1 Rc2 37. Re2 Rc1 38. Red2 Rxd1 39. Rxd1 Rc2 40.
g3 Qh3 41. Rd2 Rc1 42. Rg2 Bxg3 43. Kg1 Bf4 44. Qe2 Be3+ 45. Kh1 Qe6 46. Rg3
Qc8 47. Rg2 Qc3 48. f4 Qe1 49. Qxe1 Rxe1 50. Rg1 Bxg1 51. Kxg1 Rxe4 0-1

[Event "4NCL/Div1b/GADS vs. WGHK2"]
[Site "Sunningdale ENG"]
[Date "2009.01.18"]
[Round "6.3"]
[White "Mestel, A Jonathan"]
[Black "Sowray, Peter J"]
[Result "1/2-1/2"]
[WhiteElo "2475"]
[BlackElo "2303"]
[PlyCount "63"]
[EventDate "2009.01.18"]
[SourceDate "2008.10.04"]

1. c4 f5 2. Nc3 Nf6 3. g3 g6 4. d4 Bg7 5. Bg2 O-O 6. Nh3 Nc6 7. d5 Ne5 8. Qb3
d6 9. Nf4 c5 10. O-O Rb8 11. Bd2 a6 12. a4 Qe8 13. Rfe1 g5 14. Nd3 Qh5 15. Nxe5
dxe5 16. f4 gxf4 17. gxf4 e4 18. Nd1 Kf7 19. Qb6 Rg8 20. Ra3 Bh6 21. Qxc5 Bd7
22. Nf2 Rbc8 23. Qb4 a5 24. Qxb7 e3 25. Rxe3 Bxf4 26. Rxe7+ Kxe7 27. Bxf4 Rxc4
28. Be5 Ne4 29. Nxe4 fxe4 30. Bg3 Rb4 31. Qc7 Qxd5 32. Rf1 1/2-1/2

[Event "4NCL/Div1b/GADS vs. WGHK2"]
[Site "Sunningdale ENG"]
[Date "2009.01.18"]
[Round "6.4"]
[White "Broomfield, Matthew"]
[Black "Richardson, John R"]
[Result "1/2-1/2"]
[WhiteElo "2340"]
[BlackElo "2312"]
[PlyCount "91"]
[EventDate "2009.01.18"]
[SourceDate "2008.10.04"]

1. d4 Nf6 2. Nf3 d5 3. c4 e6 4. g3 dxc4 5. Bg2 c5 6. Qa4+ Nc6 7. Ne5 Bd7 8.
Nxd7 Nxd7 9. dxc5 Bxc5 10. Nc3 Qb6 11. O-O Nde5 12. Ne4 Be7 13. Be3 Qxb2 14.
Rab1 Qa3 15. Qxa3 Bxa3 16. Rxb7 O-O 17. Rfb1 Rac8 18. Nc3 a5 19. Nb5 Bb4 20. a3
Be7 21. f4 Ng4 22. Bb6 Nf6 23. Bf2 Nd5 24. e4 Nf6 25. Kf1 Rb8 26. Rc7 Rfc8 27.
Rxc8+ Rxc8 28. Ke2 e5 29. Rc1 Nd4+ 30. Nxd4 exd4 31. Bxd4 Bxa3 32. Rc2 h5 33.
e5 Ng4 34. h3 Nh6 35. Bb7 Rc7 36. Ba6 Nf5 37. Bf2 c3 38. Bd3 Ne7 39. Bb6 Rc8
40. Bxa5 Nd5 41. Bf5 Rc5 42. Bd8 g6 43. Bd3 Rc8 44. Ba5 Rc5 45. Bd8 Rc8 46. Ba5
1/2-1/2

[Event "4NCL/Div1b/GADS vs. WGHK2"]
[Site "Sunningdale ENG"]
[Date "2009.01.18"]
[Round "6.5"]
[White "Snape, Ian"]
[Black "Briscoe, Christopher"]
[Result "0-1"]
[WhiteElo "2210"]
[BlackElo "2268"]
[PlyCount "62"]
[EventDate "2009.01.18"]
[SourceDate "2008.10.04"]

1. c4 e6 2. g3 Nf6 3. Bg2 d5 4. Nf3 Be7 5. d4 O-O 6. O-O dxc4 7. Qa4 a6 8. Qxc4
b5 9. Qc2 Bb7 10. Nbd2 Nbd7 11. e4 c5 12. e5 Nd5 13. Qe4 Rc8 14. Qg4 Kh8 15.
Ne4 cxd4 16. Bg5 f5 17. exf6 N5xf6 18. Nxf6 Bxf6 19. Bxf6 Rxf6 20. Rae1 Nf8 21.
Nxd4 Bxg2 22. Kxg2 Rc4 23. Re4 Qd5 24. f3 h5 25. Qh3 Rxd4 26. Rxd4 Qxd4 27.
Qxh5+ Rh6 28. Qe8 Qxb2+ 29. Rf2 Rxh2+ 30. Kxh2 Qxf2+ 31. Kh3 Qxf3 0-1

[Event "4NCL/Div1b/GADS vs. WGHK2"]
[Site "Sunningdale ENG"]
[Date "2009.01.18"]
[Round "6.6"]
[White "Lindner, Daniel"]
[Black "Anderton, David"]
[Result "0-1"]
[WhiteElo "2243"]
[BlackElo "2225"]
[PlyCount "58"]
[EventDate "2009.01.18"]
[SourceDate "2008.10.04"]

1. e4 e6 2. d4 d5 3. Nc3 Nf6 4. e5 Nfd7 5. Nce2 c5 6. c3 Nc6 7. f4 Qb6 8. Nf3
cxd4 9. cxd4 f6 10. a3 a5 11. h4 Be7 12. Rh3 O-O 13. Ra2 a4 14. Be3 Qb3 15. Nc3
fxe5 16. fxe5 Nb6 17. Qb1 Nc4 18. Nd2 Rxf1+ 19. Kxf1 Nxd2+ 20. Bxd2 Nxd4 21.
Bg5 Bc5 22. Qd1 b6 23. g4 Ba6+ 24. Kg2 Rf8 25. Be3 Qxd1 26. Nxd1 Bf1+ 27. Kh2
Bxh3 28. Kxh3 Rf1 29. Bxd4 Rxd1 0-1

[Event "4NCL/Div1b/GADS vs. WGHK2"]
[Site "Sunningdale ENG"]
[Date "2009.01.18"]
[Round "6.7"]
[White "Bellin, Jana"]
[Black "Hagasaether, Ellen"]
[Result "1/2-1/2"]
[WhiteElo "2184"]
[BlackElo "2223"]
[PlyCount "27"]
[EventDate "2009.01.18"]
[SourceDate "2008.10.04"]

1. d4 f5 2. Nc3 Nf6 3. Bg5 g6 4. Bxf6 exf6 5. e3 d5 6. h4 h5 7. Bd3 Be6 8. Nge2
Bf7 9. Nf4 Nc6 10. a3 Qd7 11. Qe2 O-O-O 12. O-O-O Bh6 13. g3 Ne7 14. Kb1
1/2-1/2

[Event "4NCL/Div1b/GADS vs. WGHK2"]
[Site "Sunningdale ENG"]
[Date "2009.01.18"]
[Round "6.8"]
[White "Hegarty, Sarah"]
[Black "Wilman, Carey A"]
[Result "1-0"]
[WhiteElo "2088"]
[BlackElo "2047"]
[PlyCount "103"]
[EventDate "2009.01.18"]
[SourceDate "2008.10.04"]

1. e4 d6 2. d4 Nf6 3. Bd3 g6 4. Ne2 Bg7 5. f3 Nbd7 6. Be3 c6 7. Qd2 e5 8. c3
Qe7 9. Na3 d5 10. exd5 Nxd5 11. O-O O-O 12. Bh6 exd4 13. Bxg7 Kxg7 14. Nxd4
N7f6 15. Rfe1 Qc7 16. c4 Nf4 17. Bf1 Ne6 18. Qe3 Qa5 19. Nac2 c5 20. Nb3 Qb6
21. Rad1 Ne8 22. Qe5+ Kg8 23. Ne3 Qc7 24. Qc3 f5 25. Nd5 Qg7 26. Qxg7+ N8xg7
27. g3 b6 28. f4 Ba6 29. Nd2 Rad8 30. Nf3 Bb7 31. Re5 Bc8 32. Bg2 Kh8 33. Rde1
Bd7 34. R5e3 Bc8 35. Ra3 Bb7 36. Ne5 a6 37. Rd3 Nd4 38. Nxb6 Bxg2 39. Kxg2 Nge6
40. Nbd7 Rfe8 41. Nf7+ Kg7 42. Nxd8 Rxd8 43. Ne5 Rb8 44. b3 Rb7 45. Nf3 Kf7 46.
Nxd4 Nxd4 47. Re5 Rc7 48. b4 Nc2 49. bxc5 Nb4 50. Rd2 a5 51. c6 Rxc6 52. Rxa5
1-0

[Event "4NCL/Div1b/BAR2 vs. NWE1"]
[Site "Sunningdale ENG"]
[Date "2009.01.18"]
[Round "6.1"]
[White "Rogers, Jonathan W"]
[Black "Morrison, Graham"]
[Result "1/2-1/2"]
[WhiteElo "2330"]
[BlackElo "2342"]
[PlyCount "35"]
[EventDate "2009.01.18"]
[SourceDate "2008.10.04"]

1. d4 Nf6 2. c4 e6 3. Nc3 Bb4 4. Bd2 O-O 5. e3 b6 6. Nge2 d5 7. cxd5 exd5 8.
Ng3 Re8 9. Bd3 Bf8 10. O-O Ba6 11. Bxa6 Nxa6 12. Qa4 Qc8 13. Rac1 Qb7 14. Nce2
c5 15. Nf4 Rad8 16. Qc2 g6 17. Rcd1 cxd4 18. exd4 1/2-1/2

[Event "4NCL/Div1b/BAR2 vs. NWE1"]
[Site "Sunningdale ENG"]
[Date "2009.01.18"]
[Round "6.2"]
[White "Coates, Kenneth G"]
[Black "Lewis, Andrew P"]
[Result "0-1"]
[WhiteElo "2234"]
[BlackElo "2274"]
[PlyCount "76"]
[EventDate "2009.01.18"]
[SourceDate "2008.10.04"]

1. e4 c5 2. c3 Nf6 3. e5 Nd5 4. d4 cxd4 5. Nf3 e6 6. cxd4 b6 7. Bc4 Bb7 8. O-O
Be7 9. Bxd5 Bxd5 10. Nc3 Bb7 11. d5 exd5 12. Nxd5 O-O 13. Bf4 Na6 14. Qd2 Nc5
15. Rad1 Re8 16. Nxe7+ Qxe7 17. Nd4 Ba6 18. Rfe1 Nd3 19. Qe2 Qb4 20. Rxd3 Bxd3
21. Qe3 Bg6 22. g4 d6 23. Nc6 Qa4 24. Qf3 dxe5 25. Rxe5 Rxe5 26. Bxe5 Re8 27.
b3 Qe4 28. Qc3 Qxg4+ 29. Kf1 Qd1+ 30. Kg2 Be4+ 31. Kg3 Qc2 32. Nxa7 Qxc3+ 33.
Bxc3 Ra8 34. Nb5 Rxa2 35. Bd4 Bc6 36. Nc3 Ra3 37. Bxb6 Rxb3 38. Bd4 f5 0-1

[Event "4NCL/Div1b/BAR2 vs. NWE1"]
[Site "Sunningdale ENG"]
[Date "2009.01.18"]
[Round "6.3"]
[White "Taylor, Martin R"]
[Black "Hulmes, David I"]
[Result "1/2-1/2"]
[WhiteElo "2339"]
[BlackElo "2219"]
[PlyCount "52"]
[EventDate "2009.01.18"]
[SourceDate "2008.10.04"]

1. d4 d5 2. Nf3 Nf6 3. c4 e6 4. Nc3 Be7 5. Bg5 h6 6. Bh4 O-O 7. e3 b6 8. Be2
Bb7 9. Bxf6 Bxf6 10. cxd5 exd5 11. Qb3 c6 12. O-O Bc8 13. Rfe1 Re8 14. e4 Be6
15. exd5 cxd5 16. Rad1 Nc6 17. Qa4 Ne7 18. Ne5 a6 19. Bf3 Qd6 20. Ng4 Bxg4 21.
Bxg4 b5 22. Qb3 Red8 23. Bf3 Rac8 24. Nxd5 Nxd5 25. Bxd5 Rc7 26. Bf3 Bxd4
1/2-1/2

[Event "4NCL/Div1b/BAR2 vs. NWE1"]
[Site "Sunningdale ENG"]
[Date "2009.01.18"]
[Round "6.4"]
[White "Redmond, John"]
[Black "Piper, Matthew S"]
[Result "0-1"]
[WhiteElo "2207"]
[BlackElo "2287"]
[PlyCount "114"]
[EventDate "2009.01.18"]
[SourceDate "2008.10.04"]

1. f4 Nf6 2. Nf3 g6 3. d3 Bg7 4. e4 O-O 5. Be2 d6 6. O-O c5 7. c3 c4 8. d4 Nxe4
9. Bxc4 a6 10. Qe2 Nf6 11. Bd3 e6 12. Nbd2 Nbd7 13. Ne4 Nxe4 14. Bxe4 Nf6 15.
Bd3 Bd7 16. Bd2 b5 17. a3 Bc6 18. Rae1 Qb6 19. Qf2 Qb7 20. Qh4 Rfe8 21. Rf2 Be4
22. Bf1 Bd5 23. Bd3 Be4 24. Bf1 Bxf3 25. Rxf3 Ne4 26. Bc1 f5 27. Bd3 Bf6 28.
Qh3 d5 29. Bxe4 dxe4 30. Rff1 a5 31. Bd2 Qd5 32. Qe3 Qb3 33. Bc1 Red8 34. Rd1
Rab8 35. Rfe1 Rd5 36. g3 Qc4 37. Qe2 Qb3 38. Be3 h5 39. Kf1 Rc8 40. Kg2 Rc4 41.
Rd2 Kf7 42. Ra1 Rd7 43. Qd1 Qxd1 44. Raxd1 b4 45. axb4 axb4 46. Rc1 Rdc7 47.
Rdc2 Ke7 48. Kf2 Kd6 49. Ke2 Kd5 50. h4 Be7 51. Kd1 bxc3 52. Rxc3 Rxc3 53. Rxc3
Rxc3 54. bxc3 Kc4 55. Kc2 Bd8 56. Bd2 Ba5 57. Be1 e3 0-1

[Event "4NCL/Div1b/BAR2 vs. NWE1"]
[Site "Sunningdale ENG"]
[Date "2009.01.18"]
[Round "6.5"]
[White "Taylor, Peter"]
[Black "Hughes, Howard R"]
[Result "1/2-1/2"]
[WhiteElo "2252"]
[BlackElo "2203"]
[PlyCount "42"]
[EventDate "2009.01.18"]
[SourceDate "2008.10.04"]

1. Nf3 f5 2. d3 Nc6 3. e4 e5 4. d4 exd4 5. exf5 d5 6. Nxd4 Nxd4 7. Qxd4 Bxf5 8.
Bd3 Bxd3 9. Qxd3 Qd7 10. O-O O-O-O 11. Bf4 Nf6 12. Nd2 Bd6 13. Bxd6 Qxd6 14.
Nf3 Rhf8 15. Qd4 c5 16. Qe5 Qxe5 17. Nxe5 Rde8 18. Rfe1 Kc7 19. f3 Kd6 20. Nd3
Rxe1+ 21. Rxe1 Re8 1/2-1/2

[Event "4NCL/Div1b/BAR2 vs. NWE1"]
[Site "Sunningdale ENG"]
[Date "2009.01.18"]
[Round "6.6"]
[White "Duckers, Harvey L"]
[Black "Franklin, Samuel"]
[Result "0-1"]
[WhiteElo "2060"]
[BlackElo "2142"]
[PlyCount "112"]
[EventDate "2009.01.18"]
[SourceDate "2008.10.04"]

1. g3 g6 2. Bg2 Bg7 3. c4 Nf6 4. Nc3 O-O 5. e4 c5 6. Nge2 Nc6 7. O-O d6 8. h3
Ne8 9. d3 Nc7 10. Be3 Ne6 11. Rb1 Ned4 12. a3 a5 13. Nf4 Bd7 14. Kh2 Rb8 15. a4
Kh8 16. Qd2 h6 17. Nb5 Kh7 18. f3 f5 19. exf5 Bxf5 20. g4 e5 21. Nd5 Be6 22.
Nbc3 g5 23. Rbe1 Ne7 24. Nxe7 Qxe7 25. Ne2 Qd7 26. Qd1 Rf7 27. Ng3 Rbf8 28. Kh1
Kh8 29. Rf2 Nc6 30. Ne4 Ne7 31. b3 Ng6 32. Qd2 b6 33. Ref1 Nh4 34. Qe2 Qe7 35.
Bc1 Bd7 36. Nd2 Bc6 37. Ne4 Qd7 38. Ng3 Kg8 39. Ne4 Kh8 40. Ng3 Qb7 41. Ne4 Qc7
42. Ng3 Kg8 43. Ne4 Kh8 44. Nd2 Kh7 45. Ne4 Kg8 46. Ng3 Qe7 47. Ne4 Qe6 48. Ng3
Qg6 49. Bd2 Bf6 50. Ne4 Bd8 51. Bc3 Bc7 52. Ng3 Bb7 53. Bd2 Bb8 54. Bc3 d5 55.
Nh5 d4 56. Be1 Qd6 0-1

[Event "4NCL/Div1b/BAR2 vs. NWE1"]
[Site "Sunningdale ENG"]
[Date "2009.01.18"]
[Round "6.8"]
[White "Morrison, Lynne"]
[Black "Smith, Lucy"]
[Result "1/2-1/2"]
[WhiteElo "1920"]
[BlackElo "1830"]
[PlyCount "32"]
[EventDate "2009.01.18"]
[SourceDate "2008.10.04"]

1. d4 d5 2. Nf3 e6 3. e3 Nf6 4. Bd3 Be7 5. Nbd2 O-O 6. O-O h6 7. Re1 Nbd7 8. c3
Bd6 9. e4 dxe4 10. Nxe4 Nxe4 11. Bxe4 Nf6 12. Bd3 Re8 13. Bd2 c5 14. Be3 Qe7
15. Ne5 cxd4 16. Bxd4 Bc5 1/2-1/2

[Event "4NCL/Div1b/BRI1 vs. PAP"]
[Site "Sunningdale ENG"]
[Date "2009.01.18"]
[Round "6.1"]
[White "Cobb, Charles"]
[Black "Summerscale, Aaron"]
[Result "1/2-1/2"]
[WhiteElo "2397"]
[BlackElo "2470"]
[PlyCount "38"]
[EventDate "2009.01.18"]
[SourceDate "2008.10.04"]

1. c4 f5 2. d4 Nf6 3. g3 g6 4. Bg2 Bg7 5. Nh3 O-O 6. O-O d6 7. d5 Na6 8. Nc3
Nc5 9. Qc2 e5 10. dxe6 c6 11. b3 Bxe6 12. Bb2 Qe7 13. Rad1 Rad8 14. e3 Ng4 15.
Rfe1 Ne5 16. f4 Ng4 17. Nf2 Nxf2 18. Qxf2 Qc7 19. Nb1 Rfe8 1/2-1/2

[Event "4NCL/Div1b/BRI1 vs. PAP"]
[Site "Sunningdale ENG"]
[Date "2009.01.18"]
[Round "6.2"]
[White "Emms, John M"]
[Black "Rudd, Jack"]
[Result "1/2-1/2"]
[WhiteElo "2488"]
[BlackElo "2334"]
[PlyCount "50"]
[EventDate "2009.01.18"]
[SourceDate "2008.10.04"]

1. e4 e5 2. Nf3 Nc6 3. Bb5 a6 4. Ba4 Nf6 5. O-O Be7 6. Re1 b5 7. Bb3 O-O 8. c3
d6 9. d3 Bb7 10. Nbd2 d5 11. Qe2 Qd7 12. Nf1 Rad8 13. Ng3 dxe4 14. dxe4 Qd3 15.
Nf5 Bc5 16. Qxd3 Rxd3 17. Be3 Bxe3 18. Nxe3 Na5 19. Bc2 Rdd8 20. b4 Nc6 21.
Rad1 Rxd1 22. Rxd1 Rd8 23. Rxd8+ Nxd8 24. Nd2 Ne6 25. f3 c5 1/2-1/2

[Event "4NCL/Div1b/BRI1 vs. PAP"]
[Site "Sunningdale ENG"]
[Date "2009.01.18"]
[Round "6.3"]
[White "Beaumont, Chris"]
[Black "Hunt, Harriet"]
[Result "1/2-1/2"]
[WhiteElo "2308"]
[BlackElo "2463"]
[PlyCount "77"]
[EventDate "2009.01.18"]
[SourceDate "2008.10.04"]

1. d4 Nf6 2. c4 e6 3. Nf3 b6 4. e3 Bb7 5. Bd3 d5 6. cxd5 exd5 7. O-O Bd6 8. Nc3
a6 9. b3 Nbd7 10. Bb2 O-O 11. Rc1 Qe7 12. Ne2 Ne4 13. Qc2 Rac8 14. Ng3 f5 15.
Qe2 Ra8 16. Rc2 Rf7 17. Rfc1 Nf8 18. Ne5 Bxe5 19. dxe5 Ne6 20. Qe1 c5 21. Nxf5
Rxf5 22. f3 Rd8 23. fxe4 dxe4 24. Bc4 Bd5 25. Bxa6 Ra8 26. Qe2 Nc7 27. Bc4 Rxa2
28. Bxd5+ Nxd5 29. Qc4 Qf7 30. Qxe4 Nc7 31. Rd1 Ne6 32. Rcd2 h5 33. Qc6 h4 34.
h3 Qg6 35. Bc3 Rxd2 36. Rxd2 Kh7 37. Re2 Ng5 38. Qxg6+ Kxg6 39. Ra2 1/2-1/2